[Event "111th YMCA Autumn A"]
[Site "Warszawa"]
[Date "2012.10.29"]
[Round "7"]
[White "Rusin, Ryszard"]
[Black "Chomczyk, Marek"]
[Result "0-1"]
[WhiteElo "1914"]
[BlackElo "1876"]
[PlyCount "64"]
[EventDate "2012.09.20"]
[EventType "tourn"]
[EventRounds "1"]
[EventCountry "POL"]
[SourceDate "2012.09.20"]

1. d4 d5 2. c4 e6 3. Nc3 Nf6 4. Nf3 Bb4 5. Bg5 h6 6. Bxf6 Qxf6 7. e3 O-O 8. Rc1
b6 9. cxd5 exd5 10. Qb3 Qd6 11. a3 Ba5 12. Be2 c5 13. O-O c4 14. Qc2 Bxc3 15.
Qxc3 Bf5 16. Nd2 Nc6 17. Bf3 b5 18. b3 Bd3 19. Rfd1 Rfc8 20. e4 dxe4 21. Bxe4
Qxd4 22. Bxd3 cxd3 23. Nf3 Qxc3 24. Rxc3 b4 25. Rcxd3 bxa3 26. Kf1 Nb4 27. Rd7
Nc2 28. Ne1 a2 29. Nxc2 Rxc2 30. R7d4 Rb8 31. Ra1 Rxb3 32. Rdd1 Rbb2 0-1

[Event "111th YMCA Autumn A"]
[Site "Warszawa"]
[Date "2012.11.08"]
[Round "8"]
[White "Grabowicz, Marcin"]
[Black "Chomczyk, Marek"]
[Result "0-1"]
[WhiteElo "1895"]
[BlackElo "1876"]
[PlyCount "76"]
[EventDate "2012.09.20"]
[EventType "tourn"]
[EventRounds "1"]
[EventCountry "POL"]
[SourceDate "2012.09.20"]

1. e4 e5 2. Nf3 Nc6 3. Bc4 Bc5 4. c3 Nf6 5. d4 exd4 6. O-O d6 7. cxd4 Bb6 8. d5
Ne5 9. Nxe5 dxe5 10. Nc3 h6 11. h3 O-O 12. Qe2 c6 13. Be3 Bxe3 14. Qxe3 Nh5 15.
Ne2 Qf6 16. dxc6 Qxc6 17. Bd5 Qa6 18. g4 Nf6 19. Nc3 Be6 20. Rfd1 Rfd8 21. Bxe6
Qxe6 22. Rd3 Rxd3 23. Qxd3 Qb6 24. Qe2 Rd8 25. Rd1 Rxd1+ 26. Nxd1 Qd4 27. Nc3
a6 28. Kg2 Nd7 29. Nd5 Nc5 30. f3 Nd3 31. b3 Qxd5 32. exd5 Nf4+ 33. Kf2 Nxe2
34. Kxe2 Kf8 35. Kd3 Ke7 36. a4 Kd6 37. Kc4 b6 38. b4 g5 0-1

[Event "111th YMCA Autumn A"]
[Site "Warszawa"]
[Date "2012.11.13"]
[Round "8"]
[White "Szefer, Michal"]
[Black "Rusin, Ryszard"]
[Result "1-0"]
[WhiteElo "1981"]
[BlackElo "1914"]
[PlyCount "73"]
[EventDate "2012.09.20"]
[EventType "tourn"]
[EventRounds "1"]
[EventCountry "POL"]
[SourceDate "2012.09.20"]

1. e4 e5 2. Nf3 Nf6 3. Nxe5 d6 4. Nf3 Nxe4 5. Nc3 Nxc3 6. dxc3 Be7 7. Bf4 Bg4
8. Be2 Nc6 9. Qd2 Qd7 10. O-O-O O-O-O 11. h3 Be6 12. Nd4 Nxd4 13. Qxd4 Kb8 14.
Bf3 Qb5 15. Be3 Qa5 16. Qxg7 c5 17. a3 h5 18. Qg3 Ka8 19. Bd5 Qc7 20. Qf3 Rdg8
21. Rd3 Rg6 22. c4 Rf6 23. Qe2 Rf5 24. Rhd1 Rg8 25. g3 Kb8 26. Bf4 Bxd5 27.
Rxd5 Rxd5 28. Rxd5 h4 29. Qd2 hxg3 30. fxg3 Rd8 31. h4 Qd7 32. Rxc5 b6 33. Rd5
Kc7 34. c5 bxc5 35. Rxc5+ Kb8 36. Qd5 Rc8 37. Rb5+ 1-0

[Event "111th YMCA Autumn A"]
[Site "Warszawa"]
[Date "2012.11.30"]
[Round "8"]
[White "Szwaj, Jacek"]
[Black "Harazinska, Ewa"]
[Result "0-1"]
[WhiteElo "1925"]
[BlackElo "2009"]
[PlyCount "76"]
[EventDate "2012.09.20"]
[EventType "tourn"]
[EventRounds "1"]
[EventCountry "POL"]
[SourceDate "2012.09.20"]

1. e4 c5 2. Nf3 d6 3. d4 cxd4 4. Nxd4 Nf6 5. Nc3 a6 6. Bg5 e6 7. f4 h6 8. Bh4
Qb6 9. Qd2 Qxb2 10. Rb1 Qa3 11. e5 dxe5 12. fxe5 g5 13. Bg3 Nh5 14. Ne4 Nd7 15.
Be2 Nxg3 16. hxg3 Be7 17. O-O O-O 18. Rb3 Qa4 19. g4 Nc5 20. Nf6+ Bxf6 21. exf6
Nxb3 22. axb3 Qd7 23. Qe3 Rd8 24. c3 Qd6 25. Bd3 Kf8 26. Qe4 Ke8 27. Bc4 Bd7
28. Qh7 Rdc8 29. Nf5 Qf8 30. Re1 Kd8 31. Nxh6 Kc7 32. Rd1 b5 33. Be2 Qc5+ 34.
Kf1 Bc6 35. Nxf7 Kb6 36. Qd3 Bd5 37. b4 Qxc3 38. Qe3+ Qxe3 0-1

[Event "111th YMCA Autumn A"]
[Site "Warszawa"]
[Date "2012.10.30"]
[Round "8"]
[White "Safanowski, Tomasz"]
[Black "Rozycki, Bartlomiej"]
[Result "0-1"]
[WhiteElo "1912"]
[BlackElo "1943"]
[PlyCount "90"]
[EventDate "2012.09.20"]
[EventType "tourn"]
[EventRounds "1"]
[EventCountry "POL"]
[SourceDate "2012.09.20"]

1. c4 e5 2. g3 g6 3. Bg2 Bg7 4. Nf3 d6 5. Nc3 Nc6 6. Rb1 f5 7. d3 Nf6 8. b4 O-O
9. O-O h6 10. Nd5 Ne7 11. Qb3 Kh7 12. Bb2 Be6 13. Nxf6+ Bxf6 14. d4 e4 15. Nd2
d5 16. c5 g5 17. g4 Qd7 18. f3 exf3 19. Nxf3 fxg4 20. Ne5 Bxe5 21. dxe5 Ng6 22.
Rf6 Nf4 23. Qc2+ Bf5 24. e4 Rxf6 25. exf6 Bg6 26. Rf1 Re8 27. Qd2 Bxe4 28. Rxf4
gxf4 29. Qxf4 Bg6 30. Bc3 c6 31. Bd2 Qf7 32. Qxh6+ Kg8 33. h3 gxh3 34. Bxh3
Qxf6 35. Bg5 Re1+ 36. Kh2 Qe5+ 37. Bf4 Re2+ 38. Kg3 Qh5 39. Qxh5 Bxh5 40. Bc8
b6 41. Kh4 Be8 42. Kg5 Kf7 43. Bf5 Rg2+ 44. Kh4 bxc5 45. bxc5 Rxa2 0-1

[Event "111th YMCA Autumn A"]
[Site "Warszawa"]
[Date "2012.11.08"]
[Round "8"]
[White "Sujkowski, Pawel"]
[Black "Pastuszko, Kinga"]
[Result "1/2-1/2"]
[WhiteElo "1992"]
[BlackElo "1895"]
[Annotator "Admin"]
[PlyCount "58"]
[EventDate "2012.09.20"]
[EventType "tourn"]
[EventRounds "1"]
[EventCountry "POL"]
[SourceDate "2012.09.20"]

1. e4 c5 2. Nf3 d6 3. d4 cxd4 4. Nxd4 Nf6 5. Nc3 a6 6. Be3 e5 7. Nb3 Be6 8. Qd2
Be7 9. O-O-O O-O 10. f4 Ng4 11. g3 Nxe3 12. Qxe3 Nd7 13. Nd5 Bxd5 14. exd5 Bf6
15. Bd3 Rc8 16. Qe4 g6 17. h4 exf4 18. gxf4 Bg7 19. Rh2 $11 Qf6 20. c3 Rfe8 21.
Qb4 Nc5 22. Nxc5 Rxc5 23. f5 Rxd5 24. fxg6 Bh6+ 25. Kc2 hxg6 26. Qxb7 Qf4 27.
Qxd5 Qxh2+ 28. Kb1 Rb8 29. Bc2 Bf4 $11 1/2-1/2

[Event "111th YMCA Autumn A"]
[Site "Warszawa"]
[Date "2012.11.08"]
[Round "8"]
[White "Rytarowski, Kamil"]
[Black "Bernacki, Gabriel"]
[Result "0-1"]
[WhiteElo "1993"]
[BlackElo "1920"]
[PlyCount "66"]
[EventDate "2012.09.20"]
[EventType "tourn"]
[EventRounds "1"]
[EventCountry "POL"]
[SourceDate "2012.09.20"]

1. d4 d5 2. e4 dxe4 3. Nc3 Bf5 4. f3 e3 5. Bxe3 Nf6 6. Bc4 e6 7. Nge2 Be7 8.
Qd2 c6 9. O-O-O b5 10. Bd3 Bxd3 11. Qxd3 Qa5 12. Kb1 O-O 13. g4 Rd8 14. g5 Ne8
15. h4 Nd7 16. Ne4 c5 17. Bd2 Qb6 18. g6 fxg6 19. f4 Nef6 20. Ng5 cxd4 21. Nxd4
Nc5 22. Qe3 Ng4 23. Qg1 Bxg5 24. Qxg4 Rxd4 25. hxg5 Ne4 26. Rh2 Rad8 27. Kc1
Nxd2 28. Rhxd2 Rxd2 29. Rxd2 Qe3 30. Qe2 Qxf4 31. Kd1 Qxd2+ 32. Qxd2 Rxd2+ 33.
Kxd2 e5 0-1

[Event "111th YMCA Autumn A"]
[Site "Warszawa"]
[Date "2012.11.08"]
[Round "8"]
[White "Rozowski, Marcin"]
[Black "Sielicki, Tomasz"]
[Result "0-1"]
[WhiteElo "1926"]
[BlackElo "2011"]
[PlyCount "36"]
[EventDate "2012.09.20"]
[EventType "tourn"]
[EventRounds "1"]
[EventCountry "POL"]
[SourceDate "2012.09.20"]

1. e4 e5 2. Nf3 Nc6 3. Bb5 f5 4. Nc3 fxe4 5. Nxe4 d5 6. Nxe5 dxe4 7. Nxc6 Qg5
8. Qe2 Nf6 9. f4 Qxf4 10. d4 Qd6 11. Nxa7+ c6 12. Nxc8 Qb4+ 13. Bd2 Qxb5 14. c4
Qxb2 15. O-O Rxc8 16. Rad1 Be7 17. Rxf6 Bxf6 18. Qxe4+ Kf7 0-1

[Event "111th YMCA Autumn A"]
[Site "Warszawa"]
[Date "2012.11.28"]
[Round "9"]
[White "Sielicki, Tomasz"]
[Black "Grabowicz, Marcin"]
[Result "1/2-1/2"]
[WhiteElo "2011"]
[BlackElo "1895"]
[Annotator "Admin"]
[PlyCount "78"]
[EventDate "2012.09.20"]
[EventType "tourn"]
[EventRounds "1"]
[EventCountry "POL"]
[SourceDate "2012.09.20"]

1. d4 Nf6 2. Bg5 g6 3. Bxf6 exf6 4. e3 Bg7 5. Ne2 d5 6. c4 O-O 7. Nbc3 dxc4 8.
Nf4 c6 9. Bxc4 Nd7 10. O-O f5 11. Qf3 Nf6 12. Rfd1 Bd7 13. Nd3 b5 14. Bb3 a5
15. a3 Qe7 16. Ne5 Rac8 17. Rac1 Be6 18. Bxe6 Qxe6 19. Nd3 Ne4 20. Qe2 Nxc3 21.
Rxc3 Rfe8 22. Nf4 Qd6 23. Qc2 Bh6 24. Nd3 f4 $11 25. Ne5 fxe3 26. fxe3 c5 27.
Qb3 Re6 28. Rf1 f5 29. Nf3 a4 30. Qxb5 Bxe3+ 31. Kh1 Bxd4 32. Rd3 Qa6 33. Nxd4
cxd4 34. Qxa6 Rxa6 35. Rxd4 Rb6 36. Rxa4 Rxb2 37. h4 Rcc2 38. Rg1 Ra2 39. Ra7
Rf2 1/2-1/2

[Event "111th YMCA Autumn A"]
[Site "Warszawa"]
[Date "2012.11.21"]
[Round "9"]
[White "Bernacki, Gabriel"]
[Black "Rozowski, Marcin"]
[Result "1/2-1/2"]
[WhiteElo "1920"]
[BlackElo "1926"]
[Annotator "Admin"]
[PlyCount "74"]
[EventDate "2012.09.20"]
[EventType "tourn"]
[EventRounds "1"]
[EventCountry "POL"]
[SourceDate "2012.09.20"]

1. d4 d5 2. c4 e6 3. Nc3 c6 4. Nf3 dxc4 5. a4 Bb4 6. Bd2 a5 7. e3 b5 8. axb5
Bxc3 9. Bxc3 cxb5 10. b3 Bb7 11. bxc4 b4 12. Bb2 Nf6 13. Bd3 Nbd7 14. O-O O-O
15. Re1 Qc7 16. e4 e5 17. Nxe5 Nxe5 18. dxe5 Nd7 19. Qh5 Nc5 20. Rad1 Rad8 21.
Re3 Rxd3 22. Rexd3 Nxd3 23. Rxd3 Qxc4 24. Rg3 Qxe4 25. Qd1 g6 26. h4 Rc8 27. h5
Qf5 28. Rd3 Qg5 29. Rg3 Rd8 30. Qa4 Qxh5 31. f3 Qh4 32. Rg4 Qe1+ 33. Kh2 Qd2
34. Qxa5 Bxf3 35. Bc1 Qd5 36. Qxd5 $11 Bxd5 37. Rxb4 Rc8 $11 1/2-1/2

[Event "111th YMCA Autumn A"]
[Site "Warszawa"]
[Date "2012.11.15"]
[Round "9"]
[White "Pastuszko, Kinga"]
[Black "Rytarowski, Kamil"]
[Result "1-0"]
[WhiteElo "1895"]
[BlackElo "1993"]
[PlyCount "35"]
[EventDate "2012.09.20"]
[EventType "tourn"]
[EventRounds "1"]
[EventCountry "POL"]
[SourceDate "2012.09.20"]

1. d4 e5 2. dxe5 Nc6 3. Nf3 Qe7 4. Nc3 Nxe5 5. Nd5 Nxf3+ 6. gxf3 Qd8 7. Bf4 d6
8. Qd3 Be7 9. O-O-O Nf6 10. Nxe7 Qxe7 11. Rg1 O-O 12. Bh6 Ne8 13. Qd4 f6 14. e3
Qe5 15. Qh4 Bf5 16. Rd5 Qe6 17. Rxf5 Qxf5 18. Bd3 1-0

[Event "111th YMCA Autumn A"]
[Site "Warszawa"]
[Date "2012.11.23"]
[Round "9"]
[White "Rozycki, Bartlomiej"]
[Black "Sujkowski, Pawel"]
[Result "1/2-1/2"]
[WhiteElo "1943"]
[BlackElo "1992"]
[Annotator "Admin"]
[PlyCount "31"]
[EventDate "2012.09.20"]
[EventType "tourn"]
[EventRounds "1"]
[EventCountry "POL"]
[SourceDate "2012.09.20"]

1. e4 c5 2. Nf3 g6 3. d4 Bg7 4. dxc5 Qa5+ 5. c3 Qxc5 6. Be3 Qc7 7. Qc2 Nc6 8.
Na3 Nf6 9. Be2 O-O 10. O-O d5 11. Nb5 Qb8 12. exd5 Nxd5 13. Bg5 a6 14. Nbd4
Nxd4 15. Nxd4 e5 16. Nf3 $11 1/2-1/2

[Event "111th YMCA Autumn A"]
[Site "Warszawa"]
[Date "2012.10.26"]
[Round "9"]
[White "Harazinska, Ewa"]
[Black "Safanowski, Tomasz"]
[Result "1/2-1/2"]
[WhiteElo "2009"]
[BlackElo "1912"]
[Annotator "Admin"]
[PlyCount "90"]
[EventDate "2012.09.20"]
[EventType "tourn"]
[EventRounds "1"]
[EventCountry "POL"]
[SourceDate "2012.09.20"]

1. d4 d6 2. Nf3 Nf6 3. c4 Nbd7 4. Nc3 e5 5. e4 g6 6. Be2 Bg7 7. O-O exd4 8.
Nxd4 O-O 9. Be3 Qe7 10. f3 c6 11. Qd2 Re8 12. Rad1 Nb6 13. Nc2 Be6 14. Bxb6
axb6 15. Qxd6 Qxd6 16. Rxd6 Nd7 17. a3 Ne5 18. f4 Bxc4 19. fxe5 Bxe2 20. Nxe2
Bxe5 21. Rd7 Bxb2 22. Rfxf7 Rxe4 23. Ned4 Bxd4+ 24. Nxd4 Rxd4 25. Rg7+ Kf8 26.
Rdf7+ Ke8 27. Rxb7 Rf4 $11 28. Rxh7 b5 29. Rbc7 Kd8 30. Rcg7 Rf8 31. Rd7+ Kc8
32. Rc7+ Kd8 33. Rcd7+ Kc8 34. Rd6 Rxa3 35. Rxc6+ Kb8 36. h4 Ka8 37. h5 gxh5
38. Rxh5 b4 39. Rb6 b3 40. Rhb5 Ra1+ 41. Kh2 Rh8+ 42. Kg3 Rg8+ 43. Kf2 Ra2+ 44.
Kf3 Rgxg2 45. Rxb3 Rgf2+ $11 1/2-1/2

[Event "111th YMCA Autumn A"]
[Site "Warszawa"]
[Date "2012.11.15"]
[Round "9"]
[White "Rusin, Ryszard"]
[Black "Szwaj, Jacek"]
[Result "0-1"]
[WhiteElo "1914"]
[BlackElo "1925"]
[PlyCount "104"]
[EventDate "2012.09.20"]
[EventType "tourn"]
[EventRounds "1"]
[EventCountry "POL"]
[SourceDate "2012.09.20"]

1. d4 Nf6 2. c4 e6 3. Nc3 Bb4 4. Bg5 c5 5. dxc5 Bxc3+ 6. bxc3 Qa5 7. Bxf6 gxf6
8. Qd2 Na6 9. Rb1 Nxc5 10. f3 b6 11. e4 Ba6 12. Rb4 O-O-O 13. Ne2 d5 14. exd5
exd5 15. Nd4 Rhe8+ 16. Be2 Bxc4 17. O-O Bxe2 18. Nxe2 Ne6 19. Rfb1 Qc5+ 20. Kf1
Re7 21. Qd3 Kb7 22. Ra4 Rde8 23. Qa6+ Kb8 24. Rab4 Rb7 25. Qd3 Rbe7 26. Rb5 Qc4
27. Qxd5 Qxe2+ 28. Kxe2 Nf4+ 29. Kf2 Nxd5 30. Rxd5 Re2+ 31. Kg3 Rg8+ 32. Kf4
Rgxg2 33. Rbd1 Rxh2 34. Rd7 Rh4+ 35. Kg3 Rc4 36. Rxf7 Rc7 37. Rxf6 Rxa2 38. Rc1
Ra4 39. Rh1 Rac4 40. Rfh6 Rxc3 41. Rxh7 Rxh7 42. Rxh7 a5 43. Rh4 b5 44. Kf2 a4
45. Rh5 Rb3 46. f4 a3 47. Rh8+ Kb7 48. Rh7+ Kb6 49. Rh8 Rb4 50. Rh1 Rxf4+ 51.
Ke3 Rc4 52. Kd3 Rc7 0-1

[Event "111th YMCA Autumn A"]
[Site "Warszawa"]
[Date "2012.11.15"]
[Round "9"]
[White "Chomczyk, Marek"]
[Black "Szefer, Michal"]
[Result "1-0"]
[WhiteElo "1876"]
[BlackElo "1981"]
[PlyCount "113"]
[EventDate "2012.09.20"]
[EventType "tourn"]
[EventRounds "1"]
[EventCountry "POL"]
[SourceDate "2012.09.20"]

1. e4 c5 2. Nf3 d6 3. d4 cxd4 4. Nxd4 Nf6 5. Nc3 a6 6. Be3 Ng4 7. Bc1 Nc6 8.
Be2 Nf6 9. Be3 Bd7 10. O-O e6 11. f4 Qc7 12. Bf3 Be7 13. Qe2 O-O 14. Rae1 Rac8
15. f5 b5 16. a3 Ne5 17. Bf4 Qc5 18. Be3 Nc4 19. Nxe6 Qxe3+ 20. Qxe3 Nxe3 21.
Nxf8 Nxf1 22. Nxd7 Nxd7 23. Kxf1 Ne5 24. Nd5 Bd8 25. c3 Kf8 26. Be2 Nc4 27.
Bxc4 bxc4 28. Re2 Bg5 29. Kf2 Rb8 30. Rc2 a5 31. g3 h5 32. h4 Bh6 33. Ne3 Bxe3+
34. Kxe3 Ke7 35. Kd4 Rc8 36. Re2 f6 37. Ke3 Rc5 38. Rd2 Kd7 39. Rd5 a4 40. Rxc5
dxc5 41. Kf3 Ke7 42. g4 Kd7 43. gxh5 Ke7 44. Kg4 Kd6 45. Kf4 Ke7 46. e5 fxe5+
47. Kxe5 Kf7 48. h6 gxh6 49. h5 Ke7 50. f6+ Kf8 51. Kd5 Kf7 52. Kxc5 Kxf6 53.
Kxc4 Kg5 54. Kb5 Kxh5 55. c4 Kg5 56. c5 Kf6 57. c6 1-0

[Event "111th YMCA Autumn A"]
[Site "Warszawa"]
[Date "2012.11.21"]
[Round "10"]
[White "Grabowicz, Marcin"]
[Black "Szefer, Michal"]
[Result "1/2-1/2"]
[WhiteElo "1895"]
[BlackElo "1981"]
[Annotator "Admin"]
[PlyCount "53"]
[EventDate "2012.09.20"]
[EventType "tourn"]
[EventRounds "1"]
[EventCountry "POL"]
[SourceDate "2012.09.20"]

1. e4 c5 2. Nf3 Nc6 3. d4 cxd4 4. c3 d5 5. exd5 Qxd5 6. cxd4 e5 7. Nc3 Bb4 8.
Bd2 Bxc3 9. Bxc3 e4 10. Ne5 Nxe5 11. dxe5 Ne7 12. Qc2 O-O 13. Rd1 Qxa2 14. Qxe4
Bf5 15. Qf4 Be6 16. Bd3 Ng6 17. Bxg6 fxg6 18. Qe3 Bc4 19. f3 Rad8 20. Kf2 Qb3
21. Rd4 Qc2+ 22. Kg3 Be6 23. Rhd1 Rxd4 24. Rxd4 h6 25. Rd6 Rf5 26. Qd2 Qb3 27.
Qd4 $11 1/2-1/2

[Event "111th YMCA Autumn A"]
[Site "Warszawa"]
[Date "2012.11.27"]
[Round "10"]
[White "Szwaj, Jacek"]
[Black "Chomczyk, Marek"]
[Result "1/2-1/2"]
[WhiteElo "1925"]
[BlackElo "1876"]
[Annotator "Admin"]
[PlyCount "92"]
[EventDate "2012.09.20"]
[EventType "tourn"]
[EventRounds "1"]
[EventCountry "POL"]
[SourceDate "2012.09.20"]

1. e4 e5 2. Nf3 Nc6 3. Bb5 a6 4. Ba4 d6 5. Bxc6+ bxc6 6. d4 exd4 7. Nxd4 Bd7 8.
O-O Nf6 9. Qf3 Be7 10. Nf5 O-O 11. Nxe7+ Qxe7 12. Nc3 h6 13. Bf4 Rfe8 14. Rfe1
Ng4 15. Qg3 Qf6 16. h3 Ne5 17. Bxe5 Qxe5 18. Qxe5 Rxe5 19. f3 Rae8 20. Kf2 f5
21. exf5 Bxf5 22. Rxe5 Rxe5 23. Rc1 Kf7 24. Ne2 c5 25. g4 Bd7 26. c4 Re8 27.
Rc3 Rb8 28. b3 Re8 29. Re3 Rf8 30. Kg3 a5 31. Nc3 Bc6 32. h4 Rb8 33. h5 a4 34.
Ne2 axb3 35. axb3 d5 36. Nc1 Kf6 37. cxd5 Bxd5 38. Rc3 Rb5 39. Nd3 Rxb3 40.
Rxb3 Bxb3 41. Nxc5 Bd5 $11 42. f4 Bc6 43. f5 Bd5 44. Kf4 c6 45. Nd3 Bc4 46. Ne5
Bd5 1/2-1/2

[Event "111th YMCA Autumn A"]
[Site "Warszawa"]
[Date "2012.11.22"]
[Round "10"]
[White "Safanowski, Tomasz"]
[Black "Rusin, Ryszard"]
[Result "1/2-1/2"]
[WhiteElo "1912"]
[BlackElo "1914"]
[Annotator "Admin"]
[PlyCount "53"]
[EventDate "2012.09.20"]
[EventType "tourn"]
[EventRounds "1"]
[EventCountry "POL"]
[SourceDate "2012.09.20"]

1. f4 d5 2. Nf3 e6 3. e3 c5 4. b3 Nf6 5. Bb2 Be7 6. Be2 O-O 7. O-O Nbd7 8. Nc3
a6 9. a4 Re8 10. Qe1 d4 11. Nd1 dxe3 12. Nxe3 Nd5 13. Qg3 Bf6 14. Bxf6 N7xf6
15. Ne5 Ne7 16. Bd3 Rb8 17. a5 Bd7 18. N3g4 Nxg4 19. Qxg4 g6 20. Qh3 Bc6 21.
Rae1 Kg7 22. Re3 Nf5 23. Bxf5 exf5 24. Nxc6 bxc6 25. Rxe8 Qxe8 26. Qc3+ Kg8 27.
d3 $11 1/2-1/2

[Event "111th YMCA Autumn A"]
[Site "Warszawa"]
[Date "2012.11.22"]
[Round "10"]
[White "Sujkowski, Pawel"]
[Black "Harazinska, Ewa"]
[Result "1-0"]
[WhiteElo "1992"]
[BlackElo "2009"]
[PlyCount "43"]
[EventDate "2012.09.20"]
[EventType "tourn"]
[EventRounds "1"]
[EventCountry "POL"]
[SourceDate "2012.09.20"]

1. e4 c5 2. Nf3 d6 3. d4 cxd4 4. Nxd4 Nf6 5. Nc3 a6 6. Be3 e6 7. g4 h6 8. Bg2
Nbd7 9. f4 Nb6 10. Qe2 Nfd7 11. O-O-O Qc7 12. Rhe1 Nc4 13. Nd5 exd5 14. exd5
Nf6 15. Bf2+ Be7 16. h3 Kd8 17. Rd3 Nb6 18. Rc3 Qd7 19. Nc6+ bxc6 20. Bxb6+ Ke8
21. dxc6 Qe6 22. Re3 1-0

[Event "111th YMCA Autumn A"]
[Site "Warszawa"]
[Date "2012.11.22"]
[Round "10"]
[White "Rytarowski, Kamil"]
[Black "Rozycki, Bartlomiej"]
[Result "0-1"]
[WhiteElo "1993"]
[BlackElo "1943"]
[PlyCount "42"]
[EventDate "2012.09.20"]
[EventType "tourn"]
[EventRounds "1"]
[EventCountry "POL"]
[SourceDate "2012.09.20"]

1. d4 d5 2. e4 dxe4 3. Nc3 Nf6 4. f3 exf3 5. Nxf3 e6 6. Bg5 Be7 7. Bd3 Nc6 8.
O-O h6 9. Bh4 Nb4 10. Kh1 Nxd3 11. Qxd3 O-O 12. Rae1 b6 13. Ne5 Bb7 14. Re2 Rc8
15. Nb5 c6 16. Nxa7 Rc7 17. Qb3 Ba8 18. Qxb6 Nd5 19. Naxc6 Bxc6 20. Bxe7 Qxe7
21. Nxc6 Qd6 0-1

[Event "111th YMCA Autumn A"]
[Site "Warszawa"]
[Date "2012.11.27"]
[Round "10"]
[White "Rozowski, Marcin"]
[Black "Pastuszko, Kinga"]
[Result "1-0"]
[WhiteElo "1926"]
[BlackElo "1895"]
[PlyCount "53"]
[EventDate "2012.09.20"]
[EventType "tourn"]
[EventRounds "1"]
[EventCountry "POL"]
[SourceDate "2012.09.20"]

1. e4 c5 2. Nf3 d6 3. d4 cxd4 4. Nxd4 Nf6 5. Nc3 a6 6. Bg5 e6 7. f4 h6 8. Bh4
Qb6 9. Qd2 Qxb2 10. Rb1 Qa3 11. Bxf6 gxf6 12. Be2 h5 13. O-O Be7 14. f5 Nc6 15.
Kh1 Qa5 16. Bc4 Qc5 17. Nxc6 bxc6 18. Na4 Qe5 19. Nb6 Rb8 20. Nxc8 Rxc8 21.
Bxa6 d5 22. Bxc8 Bd6 23. g3 h4 24. g4 h3 25. Rbe1 d4 26. fxe6 Kd8 27. Rf5 1-0

[Event "111th YMCA Autumn A"]
[Site "Warszawa"]
[Date "2012.11.22"]
[Round "10"]
[White "Sielicki, Tomasz"]
[Black "Bernacki, Gabriel"]
[Result "1/2-1/2"]
[WhiteElo "2011"]
[BlackElo "1920"]
[Annotator "Admin"]
[PlyCount "120"]
[EventDate "2012.09.20"]
[EventType "tourn"]
[EventRounds "1"]
[EventCountry "POL"]
[SourceDate "2012.09.20"]

1. d4 d5 2. c4 e6 3. Nf3 c6 4. e3 Nf6 5. Nbd2 Bd6 6. Bd3 Nbd7 7. O-O O-O 8. e4
dxe4 9. Nxe4 Nxe4 10. Bxe4 c5 11. Re1 Qc7 12. b3 Nf6 13. Bc2 Rd8 14. Bg5 Be7
15. Qd3 g6 16. Rad1 cxd4 17. Ne5 Nh5 18. Bh6 f5 19. g4 Ng7 20. Qg3 Bf6 21. h4
fxg4 22. Nxg4 Qxg3+ 23. fxg3 Be7 24. Bf4 Nf5 25. Be5 a5 26. h5 gxh5 27. Bxf5
exf5 28. Nf6+ Kf7 29. Nxh5 Ra6 30. Nf4 Bb4 31. Re2 Rg8 32. Kf2 Bc5 33. Bxd4 Rd6
34. Nd5 Bxd4+ 35. Rxd4 Be6 36. Rh4 Bxd5 37. Rd2 Kg6 38. cxd5 Rgd8 39. Rhd4 Kf6
40. Rh4 R8d7 41. Kf3 Ke5 42. Rh5 Rg6 43. Rc2 b6 44. Rc3 Rdg7 45. Kf2 Rf7 46.
Rf3 Rgf6 47. g4 Kxd5 48. gxf5 h6 49. Ke3 Ke5 50. Rfh3 Rxf5 51. Rxf5+ Kxf5 52.
Rxh6 Rf6 $11 53. Rxf6+ Kxf6 54. Kd4 Ke6 55. Kc4 Kd6 56. Kb5 Kc7 57. Ka6 Kc6 58.
a4 Kc5 59. Kb7 b5 60. axb5 Kxb5 1/2-1/2

[Event "111th YMCA Autumn A"]
[Site "Warszawa"]
[Date "2012.11.29"]
[Round "11"]
[White "Bernacki, Gabriel"]
[Black "Grabowicz, Marcin"]
[Result "1-0"]
[WhiteElo "1920"]
[BlackElo "1895"]
[PlyCount "81"]
[EventDate "2012.09.20"]
[EventType "tourn"]
[EventRounds "1"]
[EventCountry "POL"]
[SourceDate "2012.09.20"]

1. d4 Nf6 2. c4 c5 3. d5 b5 4. cxb5 a6 5. bxa6 Bxa6 6. Nc3 g6 7. Nf3 Bg7 8. g3
O-O 9. e4 d6 10. Be2 Qb6 11. O-O Bxe2 12. Qxe2 Na6 13. Rb1 Nd7 14. Bf4 Nf6 15.
Nd2 Nc7 16. Be3 Nd7 17. f4 Rfb8 18. Nf3 Qa5 19. e5 dxe5 20. fxe5 Nxe5 21. Nxe5
Bxe5 22. Qf2 f5 23. Bxc5 Bxc3 24. bxc3 Rxb1 25. Rxb1 Nxd5 26. Qd4 Qxa2 27. Re1
Ra4 28. Qe5 Re4 29. Rxe4 fxe4 30. Qe6+ Kf8 31. Qxe4 Qb1+ 32. Kg2 Qb2+ 33. Kh3
Qb7 34. Bxe7+ Qxe7 35. Qxd5 Qe2 36. c4 Qf1+ 37. Kg4 Ke7 38. c5 Qe2+ 39. Kh3
Qf1+ 40. Kh4 Qc1 41. Qg5+ 1-0

[Event "111th YMCA Autumn A"]
[Site "Warszawa"]
[Date "2012.11.29"]
[Round "11"]
[White "Pastuszko, Kinga"]
[Black "Sielicki, Tomasz"]
[Result "1-0"]
[WhiteElo "1895"]
[BlackElo "2011"]
[PlyCount "127"]
[EventDate "2012.09.20"]
[EventType "tourn"]
[EventRounds "1"]
[EventCountry "POL"]
[SourceDate "2012.09.20"]

1. e4 e5 2. Nf3 Nc6 3. Bc4 Bc5 4. c3 Nf6 5. d4 exd4 6. e5 d5 7. Bb5 Ne4 8. cxd4
Bb6 9. Nc3 O-O 10. Be3 Bg4 11. Bxc6 bxc6 12. Qc2 Nxc3 13. bxc3 f6 14. exf6 Qxf6
15. Ne5 Bf5 16. Qa4 Rae8 17. O-O c5 18. Rae1 cxd4 19. cxd4 Bc8 20. Rc1 Re6 21.
Qb5 c5 22. dxc5 Bc7 23. Nd7 Bxd7 24. Qxd7 Qe5 25. g3 Rf7 26. Qa4 Qh5 27. Rfe1
Qf3 28. Bd4 Be5 29. c6 Qg4 30. c7 Bxc7 31. Rxe6 Qxe6 32. Bxa7 h5 33. Be3 Qf6
34. Qa8+ Kh7 35. Qxd5 Be5 36. Qe4+ g6 37. Rc6 Qg7 38. Rc5 Re7 39. Bg5 Bf6 40.
Bxf6 Qxf6 41. Qb1 Rf7 42. Qc2 Kh6 43. a4 Qd4 44. Rc6 Qg7 45. a5 Ra7 46. a6 Qa1+
47. Kg2 Qg7 48. Qd2+ Kh7 49. Qd6 Kh6 50. Qf6 Qxf6 51. Rxf6 Kg5 52. Rb6 Kf5 53.
h4 Ra8 54. Rb5+ Kf6 55. Ra5 Ra7 56. Kf3 Ke6 57. Kf4 Kf6 58. Ra2 Kf7 59. Kg5 Kg7
60. Ra3 Rf7 61. g4 Rxf2 62. a7 Rg2 63. Ra4 hxg4 64. a8=Q 1-0

[Event "111th YMCA Autumn A"]
[Site "Warszawa"]
[Date "2012.11.29"]
[Round "11"]
[White "Rozycki, Bartlomiej"]
[Black "Rozowski, Marcin"]
[Result "1/2-1/2"]
[WhiteElo "1943"]
[BlackElo "1926"]
[PlyCount "120"]
[EventDate "2012.09.20"]
[EventType "tourn"]
[EventRounds "1"]
[EventCountry "POL"]
[SourceDate "2012.09.20"]

1. e4 c6 2. d4 d5 3. Nc3 dxe4 4. Nxe4 Bf5 5. Ng3 Bg6 6. h4 h6 7. Bc4 e6 8. N1e2
Nd7 9. Nf4 Bh7 10. Qe2 Ngf6 11. c3 Bd6 12. Bd2 Bxf4 13. Bxf4 O-O 14. f3 Nd5 15.
Bd2 Qc7 16. Ne4 e5 17. dxe5 Nxe5 18. O-O Rfe8 19. Bb3 f5 20. Bf4 Kh8 21. Bxd5
cxd5 22. Nf2 Qc4 23. Qxc4 dxc4 24. Rfe1 Ng6 25. Bg3 h5 26. Nh3 f4 27. Nxf4 Nxf4
28. Bxf4 Rad8 29. Kf2 Kg8 30. Bg5 Rc8 31. Rad1 Bd3 32. Rxe8+ Rxe8 33. Rd2 Kf7
34. Be3 a6 35. b3 b5 36. bxc4 Bxc4 37. Bc5 Re6 38. a3 Rc6 39. Bb4 Kg6 40. Rd8
Re6 41. g4 hxg4 42. fxg4 Rf6+ 43. Kg3 Re6 44. Rf8 Re1 45. h5+ Kh7 46. Kh4 Re4
47. Rf5 g6 48. hxg6+ Kxg6 49. Rg5+ Kh7 50. Bc5 Re6 51. Bd4 Rg6 52. Rh5+ Rh6 53.
Bb6 Kg6 54. Rxh6+ Kxh6 55. Bd8 Kg6 56. Kg3 Be2 57. Kf4 Bd1 58. g5 Be2 59. a4
bxa4 60. Be7 Bc4 1/2-1/2